| 000 | 00520nam a2200181Ia 4500 | ||
|---|---|---|---|
| 999 |
_c14533 _d14533 |
||
| 003 | OSt | ||
| 005 | 20201106112256.0 | ||
| 008 | 190216s9999||||xx |||||||||||||| ||und|| | ||
| 020 | _a978033932957 | ||
| 040 | _coclc | ||
| 082 |
_a820 _bPRA/B |
||
| 100 |
_aPrasad, Birjadish _96173 |
||
| 245 | 2 |
_aA Background To The Study Of English Literature / _cBirjadish Prasad |
|
| 260 |
_bMacmillan, _c2010. _aNew delhi: |
||
| 300 | _a283p | ||
| 650 | _aEnglish | ||
| 942 |
_cBK _2ddc _h820 _iPRA/B _k820 _mPRA/B |
||